Quizzes
Events
Quiz Creation
Community
Videos
Private Events
Remove Ads
Sign In
Join for FREE
Feedback
Dark Mode
Quiz Categories
Sports
Geography
Music
Movies
Television
Just For Fun
Miscellaneous
History
Literature
Language
Science
Gaming
Entertainment
Religion
Holiday
For Kids
Quiz Lab
Recent
Popular Today
Quiz Kudos Today
Editor Picks
Curator Picks
Quizzes by...
Day
Popularity
Type
Ratings
Length
Year
Community
Subscriptions
Recent Discussions
Orange Saloon
Badges
Playlists
Quests
Create
Leaderboards
Showdown
Live 5
Trivia Bingo
Activity
Puzzle Library
Sporcle Events
Private Events
Virtual Trivia
Globe League
Become a Host
Pub Owners
SporcleCon
Opinionation
Our Games
Videos
Blog
Mobile Apps
Partnerships
Remove Ads and Go Orange
Feedback
Sports
Athletes
MLB
NBA
NHL
NFL
Soccer
Sports Teams
WWE
NCAA
Football
Premier League
Basketball
Baseball
Hockey
Golf
Tennis
Cricket
Rugby
Auto Racing
Olympics
World Cup
Sports
Athletes
MLB
NBA
NHL
NFL
Soccer
Sports Teams
WWE
NCAA
Football
Premier League
Basketball
Baseball
Hockey
Golf
Tennis
Cricket
Rugby
Auto Racing
Olympics
World Cup
Random Quiz
Search Sporcle
×
Quiz Lab
Quiz Lab
Sports
Premier League
Type in answers that appear in a list
Type in answers that appear in a list
Classic
Best Score? Go Orange.
Super League, Premier League, NRL Teams Stats
Can you name the Super League, Premier League, NRL Teams ?
By
rl_4_eva
5m
50 Questions
70 Plays
70 Plays
70 Plays
Comments
Comments
Give Quiz Kudos
Give Quiz Kudos
-
- Ratings
hide this ad
Replay
Link that replays current quiz
Next Quiz
Link to next quiz in quiz playlist
You Got
0%
They Got
Avg Score
57%
Avg Friend Score
Upgrade to see
Score Distribution
Jump to the score distribution portion of the page
Score
0/50
Timer
05:00
0
Plays Today
September 2011 - end of footy season
Team Name
% Correct
Super League
Wigan Warriors
88.6%
Super League
Catalan Dragons
80%
NRL
Brisbane Broncos
77.1%
Premier League
Manchester United
75.7%
Super League
Castleford Tigers
74.3%
Super League
London Broncos
72.9%
Premier League
Manchester City
72.9%
Super League
Leeds Rhinos
71.4%
Premier League
Chelsea
71.4%
Super League
Hull KR
70%
Super League
St Helens
70%
Super League
Hull FC
68.6%
NRL
New Zealand Warriors
67.1%
Premier League
Arsenal
67.1%
Premier League
Liverpool
67.1%
NRL
Sydney Roosters
65.7%
Super League
Warrington Wolves
65.7%
NRL
Canberra Raiders
62.9%
NRL
Melbourne Storm
62.9%
NRL
Newcastle Knights
62.9%
NRL
South Sydney Rabbitohs
61.4%
NRL
St George Illawara Dragons
61.4%
NRL
West Tigers
61.4%
NRL
Canterbury Bulldogs
57.1%
Premier League
Everton
55.7%
September 2011 - end of footy season
Team Name
% Correct
NRL
North Queensland Cowboys
54.3%
NRL
Cronulla Sharks
54.3%
Premier League
Wolverhampton Wanderers
54.3%
NRL
Parramatta Eels
52.9%
NRL
Manly Sea Eagles
52.9%
NRL
Penrith Panthers
52.9%
NRL
Gold Coast Titans
51.4%
Premier League
Newcastle United
51.4%
Super League
Bradford Bulls
50%
Super League
Huddersfield Giants
50%
Super League
Salford City Reds
50%
Premier League
Aston Villa
48.6%
Super League
Widnes Vikings
47.1%
Premier League
Blackburn Rovers
47.1%
Premier League
Bolton Wanderers
45.7%
Premier League
Tottenham Hotspur
45.7%
Premier League
Wigan Athletic
45.7%
Super League
Wakefield Wildcats
44.3%
Premier League
Sunderland
44.3%
Premier League
Fulham
41.4%
Premier League
Norwich City
34.3%
Premier League
Swansea City
32.9%
Premier League
West Bromwich Albion
31.4%
Premier League
Queens Park Rangers
30%
Premier League
Stoke City
28.6%
Quiz Playlist
Details
Report
Send in Message
Add To Playlist
Classic:
Type in answers that appear in a list
Last Updated: Feb 16, 2017
Quiz Scoreboard
CHALLENGE
Sign Up to Join the Scoreboard
Show All
Scores
Hide
Comments
May contain spoilers
Recently Published
1-10 Letter E Words III
by El_Dandy
Language
2m
One Thing in Common: World Cities II
by knightlancer
Geography
7m
Popular People in 1961
by mucciniale
History
6m
More to Explore
Quiz From the Vault
Featured Blog Post
Where Did the Easter Bunny Come From?
hide this ad
You Might Also Like...
Tags
Premier League Quiz
NRL Premiers
NRL Premiership
Onward
Super League
Today's Top Quizzes in Sports
Browse Sports
hide this ad
Today's Top Quizzes in Premier League
Browse Premier League
Top Contributed Quizzes in Sports
1
Les meilleurs buteurs des matchs entre le PSG et l’OM
2
Les entraîneurs de l'OM et du PSG au 21e siècle
3
2022 World Cup Stars
4
FIFA Club World Cup Champions
5
Name the Premier League winners with different clubs
6
La finale Lions - Afrique du Sud 2021
7
Criteria MLB: Left Handed Sluggers
8
Players with Multiple 50 Home Run Seasons
9
MLB Players with Two .350 Batting Average Seasons
10
MLB Hall of Famer by Rings
Explore More
Trending Topics
NBA
Crossword
Marvel
Disney
Anime
Harry Potter
Kpop
Song
Soccer
WWE
Puzzle
The Office
NFL
Pokémon
Country
hide this ad
More By:
rl_4_eva
Quiz
Plays
Rating
Category
Featured
Created
Guess The Take That Lyrics
480
4.00
Music
Nov 10, 2011
2008 Rugby league World cup teams
111
5.00
Sports
Dec 3, 2010
Copa Argentina Winners
74
5.00
Sports
Oct 27, 2022
Super League, Premier League, NRL Teams
70
Sports
Nov 9, 2011
Argentinian Football League Champions
65
5.00
Sports
Oct 24, 2022
Go to Creator's Profile
Score Distribution
Quiz Creator Spotlight
rl_4_eva
Follow
Send a Message
Quizzes Created
-
Created Quiz Play Count
-
More By This Creator
Popular Quizzes Today
1
Find the US States - No Outlines Minefield
2
Find the Countries of Europe - No Outlines Minefield
3
The Countries of the World
4
Popular People in 1961
5
1-10 Letter E Words III
6
Find the US States
7
One Thing in Common: World Cities II
8
US States
More Sports Quizzes
Hakeem Olajuwon's Top Scoring teammates per season
Quiz Lab
Trending Quizzes
Risky Map Clicking: Least Populous States A-Z
1-10 Letter F Words
1-10 Letter G Words
One Thing in Common: United Kingdom
Risky Map Clicking: Biggest States A-Z
Recently Updated
Leaping Animals
pecheneg
Reality TV Shows (A-Z)
bhenderson79
Rickey Henderson's Hall of Fame Teammates
pecheneg
Champions League XIs: Arsenal
pecheneg
Quick Pick: Celebrities in WWE's Hall of Fame
aduchscher
A-Z Keypad Blitz II
pecheneg
Multiple Oscar Actors
pecheneg
Mystery Phrase Blitz: Oscar 'Best Actors'
pecheneg
F. Scott Fitzgerald Novels
LTH
Pick 3 Villains
ddd62291
Trending Topics
Crossword
Marvel
Disney
NBA
Harry Potter
Anime
Kpop
NFL
Soccer
Country
WWE
Song
Pokémon
Puzzle
The Office
Your Account Isn't Verified!
In order to create a playlist on Sporcle, you need to verify the email address you used during registration. Go to your
Sporcle Settings
to finish the process.
Report this User
Report this user for behavior that violates our
Community Guidelines
.
Details:
Send Report
Go to the Sporcle.com Mobile Site →
Comments